00863nam a2200229Ia 4500003000900000008004100009020001800050040001600068080001900084245016400103260003600267300001400303650004100317650003200358650003500390700002800425700002900453700003300482942000700515999001500522952009600537IN-BaIIA211028s9999 xx 000 0 eng d a0-8243-0925-1 cIIA Library a(05)52bANN-25 0aAnnual review of astronomy and astrophysicsbvol. 25cedited by Geoffrey Burbidge, David Layzer and John G. Phillips  aPalo AltobAnnual Reviewsc1987 avi, 684p. aAstronomy and astrophysics thesaurus aAstronomy-Periodicals94087 aAstrophysics-Periodicals94088 aBurbidge, Geoffrey, ed. aLayzer, David, ed.94091 aPhillips, John G., ed.95230 cBK c9189d9189 00104070aBANbBANcGENd0000-00-00l0o(05)52/ ANN-25p10095r2021-11-05w0000-00-00yBK